10 ideas clave: competencias en argumentación y uso de pruebas
Saved in:
| Hovedforfatter: | |
|---|---|
| Format: | Bog |
| Sprog: | spansk |
| Udgivet: |
Barcelona
Graó
2010
|
| Udgivelse: | 1a. ed |
| Serier: | Colección Ideas Claves 12. Serie Didáctica
|
| Fag: | |
| Tags: |
Tilføj Tag
Ingen Tags, Vær først til at tagge denne postø!
|
MARC
| LEADER | 00000cam a2200000 a 4500 | ||
|---|---|---|---|
| 001 | UCG5750 | ||
| 003 | CL-VaPUC | ||
| 008 | 110317e20100200SP |||||||||||||||||spa|d | ||
| 020 | |a 9788478278978 | ||
| 082 | 0 | 4 | |a 401.93 |b JIM |2 21 |
| 100 | |a Jiménez-Aleixandre, María Pilar |e author |9 568952 | ||
| 245 | 1 | 0 | |a 10 ideas clave: competencias en argumentación y uso de pruebas |
| 250 | |a 1a. ed | ||
| 300 | |a 200 p | ||
| 942 | |c BK | ||
| 945 | |d 20110317 00:00:00 |a jcampos | ||
| 260 | |a Barcelona |b Graó |c 2010 | ||
| 650 | 0 | |a Argumentación |9 257103 | |
| 650 | 0 | |a Métodos de enseñanza |9 270413 | |
| 650 | 7 | |a PERSUASION |2 CL-VaPUC |9 333321 | |
| 583 | |a last modification |c 20130528 09:07:00 |k Rodrigo Vera | ||
| 490 | 0 | |a Colección Ideas Claves 12. Serie Didáctica | |
| 999 | |c 344130 |d 344128 | ||
| 952 | |0 0 |1 0 |4 0 |6 401_930000000000000_JIM_2010 |7 0 |8 A |9 441929 |a BIBEDU |b BIBEDU |d 2019-11-22 |i 4756320 |o 401.93 JIM 2010 |p 4756320 |r 2019-11-22 |w 2019-11-22 |y BK |k EPE | ||
| 952 | |0 0 |1 0 |4 0 |6 401_930000000000000_JIM_2010 |7 0 |8 A |9 441930 |a BIBCUR |b BIBCUR |d 2019-11-22 |i 4976789 |o 401.93 JIM 2010 |p 4976789 |r 2025-04-22 |w 2019-11-22 |y BK |k QUI | ||
| 952 | |0 0 |1 0 |4 0 |6 401_930000000000000_JIM_2010 |7 0 |8 A |9 441931 |a BIBCUR |b BIBCUR |d 2019-11-22 |i 4976797 |o 401.93 JIM 2010 |p 4976797 |r 2025-04-22 |w 2019-11-22 |y BK |k QUI | ||
| 952 | |0 0 |1 0 |4 0 |6 401_930000000000000_JIM_2010 |7 0 |8 A |9 441932 |a BIBCUR |b BIBCUR |d 2019-11-22 |i 4976800 |o 401.93 JIM 2010 |p 4976800 |r 2025-04-22 |w 2019-11-22 |y BK |k QUI | ||